00281 a2200133 450000100060000002000180000604000240002410000230004824000160007124500110008730000090009836200090010765000310011647573 a9788579622540 cAnchieta - Aquarius aPirillo, Marília10aAvoadalpor10aAvoada a16p.0 a2014 4aLiteratura infanto-juvenil